| 000 | 00542nam a2200145Ia 4500 | ||
|---|---|---|---|
| 008 | 140724s9999 xx 000 0 und d | ||
| 050 |
_aBF 723 _b.It89 2013 |
||
| 100 | _aIto, Seiichi L. | ||
| 245 |
_aLevel of social media usage and interpersonal relations of selected college students of Southville International School and Colleges / _cSeiichi L. Ito. |
||
| 260 |
_aLas PiƱas, Philippines : _bSouthville International School and Colleges, _cc2013. |
||
| 300 |
_a65 p. : _c28 cm. |
||
| 521 | _aPsychology | ||
| 942 | _cTH | ||
| 999 |
_c229143 _d229143 |
||